000 00592nam a2200193 a 4500
001 000843884
003 AM-YeHGA
005 20250617153218.0
008 111107s1979 r 000 0 rus d
040 _aAM-YeHGA
041 0 _arus
100 1 _aЖерновой, А.И.
245 1 0 _aИзмерение магнитных полей методом нутации /
_cА.И. Жерновой.
260 _aЛенинград :
_bЭнергия,
_c1979.
300 _a104 с. :
_bил.
504 _aБиблиогр. 21 назв.
650 1 4 _aАвтоматика
090 _c388425
999 _c386445
_d386445